Statystyki dla Wszyscy strzelcy bramek na mundialu 2022

Kliknij tutaj aby rozwiązać quiz!

Ogólne statystyki

  • Ten quiz został rozwiązany 34 razy
  • Średni wynik to 25 z 109

Statystyki odpowiedzi

BramkiReprezentacjaZawodnik% Poprawnych
2PolskaRobert Lewandowski
94%
7ArgentynaLionel Messi
91%
2AngliaHarry Kane
88%
8Francja
Kylian Mbappe
85%
1PortugaliaCristiano Ronaldo
79%
1PolskaPiotr Zieliński
67%
2BrazyliaNeymar
64%
1ArgentynaAngel di Maria
61%
4FrancjaOlivier Giroud
58%
3AngliaBukayo Saka
52%
3HiszpaniaAlvaro Morata
48%
4ArgentynaJulian Alvarez
48%
3AngliaMarcus Rashford
48%
2PortugaliaBruno Fernandes
45%
3BrazyliaRicharlison
45%
3EkwadorEnner Valencia
42%
1WaliaGareth Bale
42%
1HiszpaniaGavi
42%
3PortugaliaGoncalo Ramos
42%
1AngliaPhil Foden
42%
1AngliaRaheem Sterling
42%
1ArgentynaEnzo Fernandez
39%
1AngliaJack Grealish
36%
2NiemcyKai Havertz
36%
1HolandiaFrenkie de Jong
33%
1HolandiaMemphis Depay
33%
1BrazyliaVinicius Junior
33%
1MeksykHenry Martin
30%
1NiemcySerge Gnabry
30%
1USAChristian Pulisic
27%
3HolandiaCody Gakpo
27%
1HiszpaniaDani Olmo
27%
2HolandiaWout Weghorst
27%
1FrancjaAdrien Rabiot
24%
1ArgentynaAlexis Mac Allister
24%
1ChorwacjaIvan Perisić
24%
2IranMehdi Taremi
24%
1FrancjaRandal Kolo Muani
24%
1FrancjaTheo Hernandez
24%
1Korea Płd.Young-gwon Kim
24%
2ChorwacjaAndrej Kramarić
21%
1ChorwacjaBruno Petković
21%
2HiszpaniaFerran Torres
21%
1MarokoHakim Ziyech
21%
1PortugaliaPepe
21%
1USATimothy Weah
21%
2KamerunVincent Aboubakar
21%
1TunezjaWahbi Khazri
21%
1GhanaAndre Ayew
18%
1SerbiaDusan Vlahović
18%
1KamerunEric-Maxim Choupo-Moting
18%
1AngliaJordan Henderson
18%
1ChorwacjaJosko Gvardiol
18%
1SenegalKalidou Koulibaly
18%
2GhanaMohammed Kudus
18%
1SerbiaSergej Milinković-Savić
18%
1SzwajcariaXherdan Shaqiri
18%
2MarokoYoussef En-Nesyri
18%
1SenegalBoulaye Dia
15%
1HolandiaDenzel Dumfries
15%
2Korea Płd.Gue-sung Cho
15%
1NiemcyIlkay Gundogan
15%
1PortugaliaJoao Felix
15%
1BrazyliaLucas Paqueta
15%
1MeksykLuis Chavez
15%
1HiszpaniaMarco Asensio
15%
1ChorwacjaMislav Orsić
15%
1EkwadorMoises Caicedo
15%
1ArgentynaNahuel Molina
15%
2NiemcyNiclas Fullkrug
15%
1KanadaAlphonso Davies
12%
1DaniaAndreas Christensen
12%
1FrancjaAurelien Tchouameni
12%
1BrazyliaCasemiro
12%
1Korea Płd.Hee-chan Hwang
12%
1BelgiaMichy Batshuayi
12%
1JaponiaTakuma Asano
12%
1HiszpaniaCarlos Soler
9%
2UrugwajGiorgian de Arrascaeta
9%
1ChorwacjaMarko Livaja
9%
1JaponiaDaizen Maeda
6%
1HolandiaDavy Klaassen
6%
1SenegalIsmaila Sarr
6%
1ChorwacjaLovro Majer
6%
1SzwajcariaManuel Akanji
6%
1KatarMohammed Muntari
6%
1PortugaliaRaphael Guerreiro
6%
1SzwajcariaRemo Freuler
6%
1PortugaliaRicardo Horta
6%
1MarokoRomain Saiss
6%
1Arabia SaudyjskaSaleh Al-Shehri
6%
1Korea Płd.Sueng-ho Paik
6%
1JaponiaAo Tanaka
3%
1SenegalBamba Dieng
3%
1AustraliaCraig Goodwin
3%
1SenegalFamara Diedhiou
3%
1USAHaji Wright
3%
1KostarykaJuan Pablo Vargas
3%
1KostarykaKeysher Fuller
3%
1GhanaMohammed Salisu
3%
1SerbiaStrahinja Pavlović
3%
1MarokoZakaria Aboukhlal
3%
1MarokoAchraf Dari
0%
1KamerunJean-Charles Castelletto
0%
1AustraliaMitchell Duke
0%
1GhanaOsman Bukari
0%
1IranRamin Rezaeian
0%
1IranRoozbeh Cheshmi
0%
1KostarykaYeltsin Tejeda
0%

Rozkład punktacji

Percentyl według liczby udzielonych odpowiedzi

Procent ludzi z każdym wynikiem

Twoja historia wyników

Nie rozwiązałeś tego quizu